La teoría pura del derecho
Сохранить в:
| Главный автор: | |
|---|---|
| Формат: | |
| Язык: | испанский |
| Опубликовано: |
Ciudad de México
Nacional
1947
|
| Серии: | Ciencia Política
|
| Предметы: | |
| Метки: |
Добавить метку
Нет меток, Требуется 1-ая метка записи!
|
MARC
| LEADER | 00000nam a2200000 a 4500 | ||
|---|---|---|---|
| 001 | UCS5884 | ||
| 003 | CL-VaPUC | ||
| 008 | 970906e19470000MX |||||||||||||||||spa|d | ||
| 082 | 0 | 4 | |a 340.1 |b EBE |2 21 |
| 100 | 0 | |a Ebenstein, William |e author |9 391429 | |
| 245 | 1 | 3 | |a La teoría pura del derecho |
| 300 | |a 241 p | ||
| 942 | |c BK | ||
| 945 | |d 19970906 00:00:00 |a lriquelm | ||
| 260 | |a Ciudad de México |b Nacional |c 1947 | ||
| 650 | 0 | |a Filosofía del derecho |9 255050 | |
| 650 | 7 | |a TEORIA PURA DEL DERECHO |2 CL-VaPUC |9 256473 | |
| 650 | 0 | |a Derecho y sociedad |9 255963 | |
| 650 | 0 | |a Derecho natural |9 255041 | |
| 650 | 0 | |a Positivismo jurídico |9 255992 | |
| 583 | |a last modification |c 19970906 00:00:00 |k Rodrigo Vera | ||
| 490 | 0 | |a Ciencia Política | |
| 999 | |c 262015 |d 262013 | ||
| 952 | |0 0 |1 0 |4 0 |6 340_100000000000000_EBE_1947 |7 0 |8 DER_TF |9 290166 |a BIBDER |b BIBDER |d 2019-11-19 |i 1880594 |o 340.1 EBE 1947 |p 1880594 |r 2023-01-25 |w 2019-11-19 |x Ubicación 4to Piso |y BK |z Estos recursos deben solicitarse con anticipación |k DER | ||